[Event "Gorodets-ch"]
[Site "Gorodets"]
[Date "2014.12.17"]
[Round "5"]
[White "Tishin, Alexey"]
[Black "Kalugin, Alexander"]
[Result "1/2-1/2"]
[WhiteElo "1997"]
[BlackElo "2104"]
[PlyCount "75"]
[EventDate "2014.12.13"]
[EventType "swiss"]
[EventRounds "9"]
[EventCountry "RUS"]
[SourceTitle "CBM 164 Extra"]
[Source "ChessBase"]
[SourceDate "2015.03.02"]
[SourceVersion "1"]
[SourceVersionDate "2015.03.02"]
[SourceQuality "1"]

1. e4 c5 2. c3 Nf6 3. e5 Nd5 4. Bc4 Qc7 5. Qe2 Nb6 6. Bb3 c4 7. Bc2 Nc6 8. f4 d6 9. exd6 Qxd6 10. d4 cxd3 11. Bxd3 g6 12. Na3 a6 13. Nc4 Nxc4 14. Bxc4 Bg7 15. Nf3 0-0 16. 0-0 Bg4 17. h3 Bxf3 18. Rxf3 e6 19. Be3 b5 20. Bd3 Rfd8 21. Be4 f5 22. Bc2 e5 23. fxe5 Nxe5 24. Rff1 Nc4 25. Bb3 Qe6 26. Qf2 Kh8 27. Rae1 Qc6 28. Bf4 Re8 29. Bd1 Rxe1 30. Rxe1 Re8 31. Bf3 Qc8 32. Rd1 h6 33. Bc1 Ne5 34. Be2 Kh7 35. Qa7 Qe6 36. Bf1 Qxa2 37. Bxb5 Qb3 38. Be2 1/2-1/2

[Event "Gorodets-ch"]
[Site "Gorodets"]
[Date "2014.12.16"]
[Round "4"]
[White "Ryabov, Alexander"]
[Black "Tishin, Alexey"]
[Result "1/2-1/2"]
[WhiteElo "2032"]
[BlackElo "1997"]
[PlyCount "128"]
[EventDate "2014.12.13"]
[EventType "swiss"]
[EventRounds "9"]
[EventCountry "RUS"]
[SourceTitle "CBM 164 Extra"]
[Source "ChessBase"]
[SourceDate "2015.03.02"]
[SourceVersion "1"]
[SourceVersionDate "2015.03.02"]
[SourceQuality "1"]

1. e4 d5 2. exd5 Qxd5 3. Nc3 Qa5 4. d4 c6 5. Nf3 Nf6 6. Bc4 Bf5 7. Bd2 Qc7 8. Ne5 e6 9. g4 Be4 10. f3 Bd5 11. Nxd5 Nxd5 12. Qe2 Nd7 13. 0-0-0 Bd6 14. Rhe1 N7b6 15. Bb3 0-0-0 16. c4 Bxe5 17. dxe5 Ne7 18. Bg5 h6 19. Bh4 Rxd1+ 20. Rxd1 Rd8 21. Bg3 Rxd1+ 22. Qxd1 Qd7 23. Qe2 Qd4 24. Qd2 Qg1+ 25. Kc2 Qc5 26. Bf2 Qxe5 27. Bd4 Qg5 28. Qxg5 hxg5 29. Bxg7 Ng8 30. Bd4 Kc7 31. Be3 f6 32. f4 gxf4 33. Bxf4+ Kd7 34. Kd3 Ke7 35. Ke4 Nd7 36. Be3 a6 37. c5 Kf7 38. Bc4 Ne7 39. b4 Nd5 40. Bd2 Kg6 41. Be2 f5+ 42. gxf5+ exf5+ 43. Kd4 N7f6 44. Bf3 f4 45. Ke5 Kg5 46. h3 Nd7+ 47. Ke6 N7f6 48. a3 Kh4 49. Bxf4 Nxf4+ 50. Kxf6 Kxh3 51. Ke5 Kg3 52. Bxc6 bxc6 53. Kd6 Kf3 54. Kxc6 Ke4 55. Kb7 Kd5 56. c6 Ng6 57. Kb6 Ne7 58. c7 Kd6 59. Kb7 Kd7 60. a4 Nc8 61. b5 axb5 62. axb5 Nd6+ 63. Kb8 Nc8 64. Kb7 Nd6+ 1/2-1/2

[Event "Gorodets-ch"]
[Site "Gorodets"]
[Date "2014.12.15"]
[Round "3"]
[White "Leukhin, Pavel"]
[Black "Tishin, Alexey"]
[Result "0-1"]
[WhiteElo "1897"]
[BlackElo "1997"]
[PlyCount "52"]
[EventDate "2014.12.13"]
[EventType "swiss"]
[EventRounds "9"]
[EventCountry "RUS"]
[SourceTitle "CBM 164 Extra"]
[Source "ChessBase"]
[SourceDate "2015.03.02"]
[SourceVersion "1"]
[SourceVersionDate "2015.03.02"]
[SourceQuality "1"]

1. e4 d5 2. exd5 Qxd5 3. Nc3 Qa5 4. Bc4 c6 5. Nf3 Bf5 6. 0-0 h6 7. Re1 Nd7 8. d4 Ngf6 9. Ne5 e6 10. Qe2 Nxe5 11. dxe5 Nd7 12. a3 Be7 13. b4 Bxb4 14. axb4 Qxa1 15. Bd2 Qb2 16. g4 Bxc2 17. f4 Nb6 18. Ba2 0-0-0 19. f5 Bxf5 20. gxf5 Rxd2 21. Qf3 Nd5 22. fxe6 fxe6 23. Bxd5 cxd5 24. Nb5 Qxb4 25. Rc1+ Kb8 26. Qf7 Qg4+ 0-1

[Event "Gorodets-ch"]
[Site "Gorodets"]
[Date "2010.12.10"]
[Round "11"]
[White "Ulankov, Andrey"]
[Black "Tishin, Alexey"]
[Result "1-0"]
[WhiteElo "2033"]
[BlackElo "2077"]
[PlyCount "87"]
[EventDate "2010.11.30"]
[EventType "tourn"]
[EventRounds "12"]
[EventCountry "RUS"]
[SourceTitle "EXT 2022"]
[Source "ChessBase"]
[SourceDate "2021.10.06"]
[SourceVersion "1"]
[SourceVersionDate "2021.10.06"]
[SourceQuality "1"]

1. c4 e5 2. Nc3 Nc6 3. g3 Nf6 4. Bg2 Bc5 5. e3 d6 6. Nge2 a6 7. a3 0-0 8. b4 Ba7 9. 0-0 Rb8 10. d4 Bf5 11. Bb2 h6 12. Nd5 exd4 13. Nxf6+ Qxf6 14. exd4 Rfe8 15. Qd2 Qd8 16. Nf4 Qd7 17. Rfe1 Rxe1+ 18. Rxe1 Re8 19. Re3 Rxe3 20. fxe3 Qe8 21. Qc3 Nd8 22. Kf2 f6 23. Bd5+ Kh7 24. Bf3 c6 25. d5 Qe5 26. Qd2 Bxe3+ 27. Qxe3 Qxb2+ 28. Ne2 cxd5 29. Bxd5 Qe5 30. Qb6 Qe7 31. Nd4 Bg4 32. a4 Qe5 33. b5 axb5 34. axb5 Be6 35. Nxe6 Nxe6 36. Bxe6 Qxe6 37. Qxb7 Qxc4 38. Qc6 Qd4+ 39. Ke2 d5 40. b6 Qb2+ 41. Kd1 Qd4+ 42. Kc1 Qg1+ 43. Kb2 d4 44. b7 1-0

[Event "Gorodets-ch"]
[Site "Gorodets"]
[Date "2009.12.25"]
[Round "13"]
[White "Kalugin, Alexander"]
[Black "Tishin, Alexey"]
[Result "1/2-1/2"]
[WhiteElo "2068"]
[BlackElo "2055"]
[PlyCount "29"]
[EventDate "2009.12.13"]
[EventType "tourn"]
[EventRounds "12"]
[EventCountry "RUS"]
[SourceTitle "EXT 2022"]
[Source "ChessBase"]
[SourceDate "2021.10.06"]
[SourceVersion "1"]
[SourceVersionDate "2021.10.06"]
[SourceQuality "1"]

1. e4 e5 2. Nf3 Nc6 3. Bb5 a6 4. Bxc6 dxc6 5. d4 exd4 6. Nxd4 c5 7. Nf5 Qxd1+ 8. Kxd1 Bxf5 9. exf5 0-0-0+ 10. Ke2 Bd6 11. Nc3 Ne7 12. g4 g6 13. f6 Nc6 14. Be3 Rhe8 15. h4 1/2-1/2

[Event "Gorodets-ch"]
[Site "Gorodets"]
[Date "2009.12.22"]
[Round "10"]
[White "Tishin, Alexey"]
[Black "Ronzhin, Nikolay"]
[Result "1/2-1/2"]
[WhiteElo "2055"]
[BlackElo "2137"]
[PlyCount "84"]
[EventDate "2009.12.13"]
[EventType "tourn"]
[EventRounds "12"]
[EventCountry "RUS"]
[SourceTitle "EXT 2022"]
[Source "ChessBase"]
[SourceDate "2021.10.06"]
[SourceVersion "1"]
[SourceVersionDate "2021.10.06"]
[SourceQuality "1"]

1. e4 e5 2. Nf3 Nc6 3. Bc4 Bc5 4. Nc3 Nf6 5. d3 h6 6. h3 d6 7. Na4 Bb6 8. Nxb6 axb6 9. a3 Na5 10. Ba2 c5 11. 0-0 0-0 12. Be3 Be6 13. Qd2 Kh7 14. Kh2 Bxa2 15. Rxa2 Ng8 16. c3 f5 17. exf5 Rxf5 18. b4 Nc6 19. Qc2 g6 20. d4 exd4 21. cxd4 cxb4 22. axb4 Rxa2 23. Qxa2 d5 24. b5 Qd6+ 25. Kg1 Na5 26. Ne5 Ne7 27. Rc1 Rf8 28. Qc2 Rc8 29. Qd3 Rxc1+ 30. Bxc1 Qc7 31. Bf4 Qc8 32. g4 Nc4 33. f3 Nxe5 34. dxe5 Qc4 35. Qxc4 dxc4 36. Kf2 Nd5 37. Bg3 Nc3 38. e6 Kg7 39. f4 Ne4+ 40. Ke3 Nxg3 41. Kd4 c3 42. Kxc3 Ne2+ 1/2-1/2

[Event "Gorodets-ch"]
[Site "Gorodets"]
[Date "2009.12.13"]
[Round "1"]
[White "Tishin, Alexey"]
[Black "Ryabov, Alexander"]
[Result "1/2-1/2"]
[WhiteElo "1964"]
[BlackElo "1964"]
[PlyCount "20"]
[EventDate "2009.12.13"]
[EventType "tourn"]
[EventRounds "12"]
[EventCountry "RUS"]
[SourceTitle "EXT 2022"]
[Source "ChessBase"]
[SourceDate "2021.10.06"]
[SourceVersion "1"]
[SourceVersionDate "2021.10.06"]
[SourceQuality "1"]

1. e4 c5 2. c3 Nf6 3. e5 Nd5 4. d4 cxd4 5. cxd4 d6 6. Nf3 Nc6 7. Bc4 Nb6 8. Bb3 dxe5 9. dxe5 Qxd1+ 10. Bxd1 Bf5 1/2-1/2

[Event "Gorodets-ch"]
[Site "Gorodets"]
[Date "2009.01.02"]
[Round "1"]
[White "Tishin, Alexey"]
[Black "Krylov, Dmitry V"]
[Result "1-0"]
[WhiteElo "2016"]
[BlackElo "1671"]
[PlyCount "37"]
[EventDate "2009.01.02"]
[EventType "tourn"]
[EventRounds "13"]
[EventCountry "RUS"]
[SourceTitle "EXT 2022"]
[Source "ChessBase"]
[SourceDate "2021.10.06"]
[SourceVersion "1"]
[SourceVersionDate "2021.10.06"]
[SourceQuality "1"]

1. e4 c5 2. Nf3 Nc6 3. c3 d5 4. exd5 Qxd5 5. Na3 Bg4 6. Be2 0-0-0 7. 0-0 Nf6 8. Nc2 h5 9. b4 e6 10. b5 Ne5 11. Ng5 Bxe2 12. Qxe2 Be7 13. d4 Nh7 14. Nxh7 Rxh7 15. dxe5 g5 16. Bb2 c4 17. Rfd1 Qxb5 18. Rxd8+ Bxd8 19. Nd4 1-0

[Event "Nizhnij Novgorod Region-ch op"]
[Site "Nizhnij Novgorod"]
[Date "2008.10.??"]
[Round "4"]
[White "Sedova, Evgenia"]
[Black "Tishin, Alexey"]
[Result "1/2-1/2"]
[WhiteElo "1896"]
[BlackElo "2040"]
[PlyCount "78"]
[EventDate "2008.10.04"]
[EventType "swiss"]
[EventRounds "9"]
[EventCountry "RUS"]
[SourceTitle "EXT 2022"]
[Source "ChessBase"]
[SourceDate "2021.10.06"]
[SourceVersion "1"]
[SourceVersionDate "2021.10.06"]
[SourceQuality "1"]

1. d4 d5 2. Nf3 Bg4 3. Ne5 Bh5 4. c4 f6 5. Nf3 dxc4 6. Qa4+ Nc6 7. e3 Bxf3 8. gxf3 Qd7 9. Bxc4 Nh6 10. Bd2 Ne5 11. Qxd7+ Nxd7 12. Be6 Nf7 13. h4 Nd8 14. Bh3 e6 15. Rg1 Kf7 16. Nc3 c6 17. Rc1 g6 18. e4 f5 19. Ke2 Nf6 20. e5 Nd5 21. Nxd5 exd5 22. Bf1 Ne6 23. Kd3 Be7 24. h5 g5 25. Bh3 f4 26. a3 Bd8 27. Bb4 h6 28. Bf5 Be7 29. Bxe7 Kxe7 30. Rc2 Rhf8 31. Bg4 a5 32. a4 Ra6 33. Rgc1 Rb6 34. Rb1 Rb4 35. Bxe6 Kxe6 36. b3 Ra8 37. Rc5 Ra6 38. Kc3 Rbb6 39. Rc1 Ra8 1/2-1/2

[Event "Nizhnij Novgorod Region-ch op"]
[Site "Nizhnij Novgorod"]
[Date "2008.10.??"]
[Round "9"]
[White "Tishin, Alexey"]
[Black "Shulakova, Svetlana"]
[Result "0-1"]
[WhiteElo "2040"]
[BlackElo "2151"]
[PlyCount "104"]
[EventDate "2008.10.04"]
[EventType "swiss"]
[EventRounds "9"]
[EventCountry "RUS"]
[SourceTitle "EXT 2022"]
[Source "ChessBase"]
[SourceDate "2021.10.06"]
[SourceVersion "1"]
[SourceVersionDate "2021.10.06"]
[SourceQuality "1"]

1. e4 c5 2. c3 d5 3. exd5 Qxd5 4. Nf3 Nc6 5. Na3 Bg4 6. Be2 Nf6 7. 0-0 e6 8. Nb5 Rc8 9. d3 Be7 10. h3 Bh5 11. Bf4 0-0 12. Qd2 Rfd8 13. Rfd1 e5 14. c4 Qe6 15. Bh2 h6 16. Ne1 Bxe2 17. Qxe2 Qf5 18. Nf3 a6 19. Nc3 Bd6 20. Ne4 Nxe4 21. dxe4 Qe6 22. b3 Nd4 23. Nxd4 cxd4 24. a4 Bb4 25. Rab1 f6 26. f3 Qb6 27. Kh1 Qd6 28. Rd3 Qc5 29. Rdd1 Rc7 30. Bg3 Rb8 31. Be1 b5 32. Bxb4 Qxb4 33. axb5 axb5 34. Qa2 Qe7 35. cxb5 Rxb5 36. Qa4 Qb4 37. Qa8+ Rb8 38. Qd5+ Kh7 39. f4 Qb7 40. fxe5 Qxd5 41. exd5 fxe5 42. Re1 Re8 43. Rbd1 Rd7 44. Rxd4 exd4 45. Rxe8 Rxd5 46. Re2 Kg6 47. Kg1 d3 48. Rd2 Kf5 49. Kf2 Ke4 50. Rd1 Rf5+ 51. Ke1 Ke3 52. Rd2 Rf1+ 0-1